Normal view
MARC view
- الموظفون والمستخدمون - تأديب -- الموظفون والمستخدمون - قوانين وتشريعات
Entry Topical Term
001 - CONTROL NUMBER
- control field: 44660
003 - CONTROL NUMBER IDENTIFIER
- control field: JO-AjAnu
005 - DATE AND TIME OF LATEST TRANSACTION
- control field: 20230606081407.0
008 - FIXED-LENGTH DATA ELEMENTS
- fixed length control field: 230606|| aca||aabn | a|a d
040 ## - CATALOGING SOURCE
- Original cataloging agency: JO-AjAnu
- Transcribing agency: JO-AjAnu
150 ## - HEADING--TOPICAL TERM
- Topical term or geographic name entry element: الموظفون والمستخدمون - تأديب -- الموظفون والمستخدمون - قوانين وتشريعات
670 ## - SOURCE DATA FOUND
- Source citation: Work cat.: (JO-AjAnu)22867: محمد، محمد نصر , author 44659, المسؤولية التأديبية للمؤظف العام بين الشريعة والقانون